000 00483nam a2200193Ia 4500
003 0100
008 130303s9999 xx 000 0 und d
040 _cARRUPELIB
050 _aR724.B471976
100 _aShannon, Thomas A
245 _aBioethics
245 _bBasic writings on the key ethical questions that surround the major, modern biol
260 _aNew Jersey
260 _bPaulist PR
260 _C1976
300 _a513p
650 _bExistentialism
942 0 0 _012
999 _c28661
_d28661